Navrhovanie strižných nástrojov pomocou výpočtovej techniky = Directing of shear tools by using computing technique : Bakalárska práca

Gespeichert in:
Bibliographische Detailangaben
1. Verfasser: Nemčovič, Juraj (Verfasst von)
Weitere Verfasser: Košťálová, Miroslava, 1969- (xxx)
Format: Manuskript Buch
Sprache:Slowakisch
Veröffentlicht: Trnava : STU v Bratislave MTF UVTE KT, 2008
Schlagworte:
Tags: Tag hinzufügen
Keine Tags, Fügen Sie das erste Tag hinzu!

MARC

LEADER 00000ntm a22000003a 4500
001 stu171037
005 20160719155900.1
008 081001s2008----xo------------------slo-d
040 |a STU  |b slo 
041 0 |a slo 
044 |a xo 
100 1 |a Nemčovič, Juraj  |4 aut 
245 1 |a Navrhovanie strižných nástrojov pomocou výpočtovej techniky = Directing of shear tools by using computing technique :  |b Bakalárska práca 
260 |a Trnava :  |b STU v Bratislave MTF UVTE KT,  |c 2008 
300 |a 50 s  |c príl., 1 CD-ROM 
500 |a Odbor: Technológie strojárskej výroby 
650 7 |a strižné nástroje  |2 stusub 
700 1 |a Košťálová, Miroslava,  |d 1969-  |4 xxx  |u M3000  |U MTF Materiálovotechnologická fakulta  |T MTF Ústav výrobných technológií  |X 2856  |U M3000  |Y 83  |7 A000002856 
996 |b 284M068631  |c M*BP-3370  |l MMSKP  |s P  |a 0  |w stu171037_0001